Outcomes of voting and planing (Registro nro. 25964)

Detalles MARC
000 -LEADER
fixed length control field 00362 a2200121 4500
001 - CONTROL NUMBER
control field ART_11944
005 - DATE AND TIME OF LATEST TRANSACTION
control field 20260410161901.0
008 - FIXED-LENGTH DATA ELEMENTS--GENERAL INFORMATION
fixed length control field 260409a
100 1# - MAIN ENTRY--PERSONAL NAME
Personal name Hansen, Pierre
245 10 - TITLE STATEMENT
Title Outcomes of voting and planing
700 1# - ADDED ENTRY--PERSONAL NAME
Personal name Thisse, Jacques-Francois
773 0# - HOST ITEM ENTRY
Title Journal of public economics
Related parts - Vol. 16, Nº 1 (ago. 1981)
Record control number REV11485

No hay ítems disponibles.